INTRODUCTION TO COMPUTER SCIENCE (Record no. 481805)

MARC details
000 -LEADER
fixed length control field 00687nam a2200229Ia 4500
008 - FIXED-LENGTH DATA ELEMENTS--GENERAL INFORMATION
fixed length control field 100315s9999 xx 000 0 und d
020 ## - INTERNATIONAL STANDARD BOOK NUMBER
International Standard Book Number 8122404251 
040 ## - CATALOGING SOURCE
Transcribing agency ENGLISH 
082 ## - DEWEY DECIMAL CLASSIFICATION NUMBER
Item number 7070 
Classification number 004 
100 ## - MAIN ENTRY--PERSONAL NAME
Personal name "Govindaraju, S., Chandrasekaran, M., Huq, A. Abdul "
245 ## - TITLE STATEMENT
Title INTRODUCTION TO COMPUTER SCIENCE
260 ## - PUBLICATION, DISTRIBUTION, ETC. (IMPRINT)
Place of publication, distribution, etc NEW DELHI 
Name of publisher, distributor, etc Wiley Eastern Limited  
Date of publication, distribution, etc 1992 
300 ## - PHYSICAL DESCRIPTION
Extent 235 
365 ## - TRADE PRICE
Price note Rupees 
Unit of pricing
Price amount 0.00 
366 ## - TRADE AVAILABILITY INFORMATION
Publishers' discount category
505 ## - FORMATTED CONTENTS NOTE
Miscellaneous information Ramakant Amar Navghare 
620 ## -
-- Computer science. 
630 ## - SUBJECT ADDED ENTRY--UNIFORM TITLE
Uniform title INTRODUCTION TO COMPUTER SCIENCE
650 ## - SUBJECT ADDED ENTRY--TOPICAL TERM
Topical term or geographic name as entry element Computer Basics 
730 ## - ADDED ENTRY--UNIFORM TITLE
Uniform title INTRODUCTION TO COMPUTER SCIENCE
942 ## - ADDED ENTRY ELEMENTS (KOHA)
Koha item type Book
Holdings
Withdrawn status Lost status Damaged status Not for loan Home library Current library Date acquired Cost, normal purchase price Total Checkouts Full call number Barcode Date last seen Price effective from Koha item type
        Dr. V. N. Bedekar Institute of Management Studies Library Dr. V. N. Bedekar Institute of Management Studies Library 03/07/2009 0.00   004 /GOV/CHA  7070  VPMBRIMS-7070  03/19/2010 03/19/2010 Book